000 00432cam a2200145ua 4500
041 _aeng
_h
100 _aAgarwal, Anil .
245 _aGlobal warming in an unequal world: a case of environmental colonialism /
_cAnil Agarwal.
_hTextual Documents
260 _aNew Delhi :
_bCentre for Science and Environment ,
_c2005.
300 _a ;
_e`.
504 _a
700 1 _aNarain, Sunitha .
942 _cBK
999 _c13027
_d13027